Technológia a inovácie ako základný faktor ekonomického rozvoja

Vymedzenie pojmu technológia. Vplyv technológie na ekonomický rozvoj. Vzťah technológie, vedy a výskumu. Základné formy technológie. Transfer a difúzia technológie. Význam inovácií v ekonomickom rozvoji. Vývoj technologickej a inovačnej politiky.

Guardado en:
Detalles Bibliográficos
Autor principal: Klas, Antonín
Formato: Capítulo de libro
Lenguaje:eslovaco
Materias:
Etiquetas: Agregar Etiqueta
Sin Etiquetas, Sea el primero en etiquetar este registro!

MARC

LEADER 00000naa$a2200000$$$4500
001 0034090
005 20231102105608.7
041 0 |a slo 
044 |a SK 
245 1 0 |a Technológia a inovácie ako základný faktor ekonomického rozvoja  |c Antonín Klas 
520 |a Vymedzenie pojmu technológia. Vplyv technológie na ekonomický rozvoj. Vzťah technológie, vedy a výskumu. Základné formy technológie. Transfer a difúzia technológie. Význam inovácií v ekonomickom rozvoji. Vývoj technologickej a inovačnej politiky. 
610 2 0 |a inovácia 
610 2 0 |a technológie nové 
610 2 0 |a technológia 
610 2 0 |a pojmy 
610 2 0 |a rozvoj hospodársky 
610 2 0 |a technika 
610 2 0 |a veda 
610 2 0 |a výskum 
610 2 0 |a rozvoj technický 
610 2 0 |a politika technická 
100 1 |a Klas, Antonín